000 00579nam a2200229Ia 4500
003 OSt
005 20221007071303.0
006 a|||||r|||| 00| 0
007 ta
008 221006b |||||||| |||| 00| 0 eng d
024 _a24,508
037 _cTextual
040 _aFLL
_cFLL
_beng
041 _2eng
_aeng
082 _aZ3:3, F5
100 _aPease J. G.
_9688458
245 0 _aLaw of contract
260 _aLondon
_bButterworth & Co. UK
_c1925
300 _alxiv,360,23p
_ccm.
942 _hZ3:3, F5
_cTEXL
_2CC
999 _c1142957
_d1142957